| 000 | 00554nam a22001937a 4500 | ||
|---|---|---|---|
| 003 | CEME | ||
| 005 | 20210628204140.0 | ||
| 008 | 210112b xxu||||| |||| 00| 0 eng d | ||
| 020 | _a9788131518397 | ||
| 040 | _cceme | ||
| 082 | _a519.5 DEV | ||
| 100 |
_aDevore, Jay.L _936401 |
||
| 245 | _aProbability and statistics for engineering and the sciences | ||
| 250 | _a8TH | ||
| 260 |
_aINDIA _bCENGAGE LEARNING _c2012 |
||
| 300 | _aXVI, 687P | ||
| 650 |
_aMATHEMATICAL STATISTICS.STATISTICS FOR ENGINEERING AND THE SCIENCES. _968950 |
||
| 942 |
_cBK _2ddc |
||
| 999 |
_c576391 _d576391 |
||